Report on agro-economic survey of community development blocks (Record no. 392181)

000 -LEADER
fixed length control field 00484cam a22001097a 4500
008 - FIXED-LENGTH DATA ELEMENTS--GENERAL INFORMATION
fixed length control field 180718b1957 xxu||||| |||| 00| 0 eng d
082 ## - DEWEY DECIMAL CLASSIFICATION NUMBER
Classification number B136x5412 B436
245 ## - TITLE STATEMENT
Title Report on agro-economic survey of community development blocks
Statement of responsibility, etc. by Community Development Projects, Development Department, West Bengal
260 ## - PUBLICATION, DISTRIBUTION, ETC.
Place of publication, distribution, etc. Alipore
Name of publisher, distributor, etc. Community Development Projects, Development Department
Date of publication, distribution, etc. 1957
300 ## - PHYSICAL DESCRIPTION
Extent 143+p.
700 ## - ADDED ENTRY--PERSONAL NAME
Personal name West Bengal. Development Department. Community Development Projects
Holdings
Withdrawn status Lost status Damaged status Not for loan Permanent Location Current Location Date acquired Full call number Barcode Date last seen Price effective from Koha item type
        Indian Institute of Public Administration Indian Institute of Public Administration 2000-03-11 B136x5412 B436 22675 2018-07-21 2018-07-21 Book

Powered by Koha